<?xml version="1.0" encoding="UTF-8"?>
<record
    xmlns:xsi="http://www.w3.org/2001/XMLSchema-instance"
    xsi:schemaLocation="http://www.loc.gov/MARC21/slim http://www.loc.gov/standards/marcxml/schema/MARC21slim.xsd"
    xmlns="http://www.loc.gov/MARC21/slim">

  <leader>00547nam a2200181Ia 4500</leader>
  <controlfield tag="001">11126</controlfield>
  <controlfield tag="003">GE_BSU</controlfield>
  <controlfield tag="008">181216s||||||||xx |||||||||||||| ||und||</controlfield>
  <datafield tag="040" ind1=" " ind2=" ">
    <subfield code="c">GE_BSU</subfield>
  </datafield>
  <datafield tag="245" ind1=" " ind2=" ">
    <subfield code="a">&#x412;&#x43E;&#x43F;&#x440;&#x43E;&#x441;&#x44B; &#x44F;&#x437;&#x44B;&#x43A;&#x43E;&#x437;&#x43D;&#x430;&#x43D;&#x438;&#x44F;, &#x2116;3.2014.</subfield>
  </datafield>
  <datafield tag="245" ind1=" " ind2=" ">
    <subfield code="c">&#x433;&#x43B;.&#x440;&#x435;&#x434;.&#x422;.&#x41C;.&#x41D;&#x438;&#x43A;&#x43E;&#x43B;&#x430;&#x435;&#x432;&#x430; &#x438; &#x434;&#x440;.</subfield>
  </datafield>
  <datafield tag="260" ind1=" " ind2=" ">
    <subfield code="a">&#x41C;&#x43E;&#x441;&#x43A;&#x432;&#x430;</subfield>
  </datafield>
  <datafield tag="260" ind1=" " ind2=" ">
    <subfield code="b">&#x41D;&#x430;&#x443;&#x43A;&#x430;</subfield>
  </datafield>
  <datafield tag="260" ind1=" " ind2=" ">
    <subfield code="c">2014.&#x41C;&#x430;&#x439;-&#x418;&#x44E;&#x43D;&#x44C;.</subfield>
  </datafield>
  <datafield tag="300" ind1=" " ind2=" ">
    <subfield code="a">160&#x441;&#x442;&#x440;.26&#x441;&#x43C;.</subfield>
  </datafield>
  <datafield tag="520" ind1=" " ind2=" ">
    <subfield code="a">&#x436;&#x443;&#x440;&#x43D;&#x430;&#x43B; &#x43E;&#x441;&#x43D;&#x43E;&#x432;&#x430;&#x43D; &#x432; &#x44F;&#x43D;&#x432;&#x430;&#x440;&#x435; 1952 &#x433;&#x43E;&#x434;&#x430; &#x432;&#x44B;&#x445;&#x43E;&#x434; 6 &#x440;&#x430;&#x437; &#x432; &#x433;&#x43E;&#x434;</subfield>
  </datafield>
  <datafield tag="942" ind1=" " ind2=" ">
    <subfield code="c">CR</subfield>
  </datafield>
  <datafield tag="999" ind1=" " ind2=" ">
    <subfield code="c">44364</subfield>
    <subfield code="d">44364</subfield>
  </datafield>
  <datafield tag="952" ind1=" " ind2=" ">
    <subfield code="0">0</subfield>
    <subfield code="1">0</subfield>
    <subfield code="4">0</subfield>
    <subfield code="7">0</subfield>
    <subfield code="9">57089</subfield>
    <subfield code="d">2018-12-17</subfield>
    <subfield code="p">p76393</subfield>
    <subfield code="r">2018-12-17</subfield>
    <subfield code="w">2018-12-17</subfield>
    <subfield code="y">CR</subfield>
  </datafield>
</record>
